Heath Mathematics : Numbers,Patterns Projects (Record no. 367)

MARC details
000 -LEADER
fixed length control field 00406nam a22001457a 4500
003 - CONTROL NUMBER IDENTIFIER
control field OSt
005 - DATE AND TIME OF LATEST TRANSACTION
control field 20160727222353.0
008 - FIXED-LENGTH DATA ELEMENTS--GENERAL INFORMATION
fixed length control field 160622b xxu||||| |||| 00| 0 eng d
040 ## - CATALOGING SOURCE
Transcribing agency TEST
100 ## - MAIN ENTRY--PERSONAL NAME
9 (RLIN) 446
Personal name Rising, G. R., et al
245 ## - TITLE STATEMENT
Title Heath Mathematics : Numbers,Patterns Projects
260 ## - PUBLICATION, DISTRIBUTION, ETC. (IMPRINT)
Place of publication, distribution, etc. Lan
Name of publisher, distributor, etc. D.C Heath & Comp.
Date of publication, distribution, etc. 1973
300 ## - PHYSICAL DESCRIPTION
Extent Heath Mathematics : Numbers,Patterns Projects
942 ## - ADDED ENTRY ELEMENTS (KOHA)
Source of classification or shelving scheme Dewey Decimal Classification
Koha item type BOOK
Holdings
Withdrawn status Lost status Source of classification or shelving scheme Damaged status Not for loan Home library Current library Shelving location Date acquired Total Checkouts Full call number Barcode Date last seen Price effective from Koha item type
    Dewey Decimal Classification     Good Samaritan School Library Good Samaritan School Library Mathematics 06/22/2016   RIS510 B-12 RIS272 06/22/2016 06/22/2016 BOOK

Powered by Koha